University Home | Library Home | Institutional Repository

Impact of subsidized Rice on food consumption and nutrition in Kerala. (Record no. 94847)

MARC details
000 -LEADER
fixed length control field 00752cam0a220016900 4500
001 - CONTROL NUMBER
control field zam00004116
035 ## - SYSTEM CONTROL NUMBER
System control number (Sirsi) r134116
050 ## - LIBRARY OF CONGRESS CALL NUMBER
Classification number LC 142 BJE 1967
008 - FIXED-LENGTH DATA ELEMENTS--GENERAL INFORMATION
fixed length control field 970717n xx eng u
100 ## - MAIN ENTRY--PERSONAL NAME
Personal name Kumar, Shubh K.
245 10 - TITLE STATEMENT
Title Impact of subsidized Rice on food consumption and nutrition in Kerala.
260 ## - PUBLICATION, DISTRIBUTION, ETC.
Place of publication, distribution, etc. Washington :
Name of publisher, distributor, etc. IFPRI,
Date of publication, distribution, etc. 1978.
440 #0 - SERIES STATEMENT/ADDED ENTRY--TITLE
Title Research Report; No.5
Linkage S15985.1
520 ## - SUMMARY, ETC.
Summary, etc. This paper empirically analyses the impact of a food price subsidy program on levels of food consumption and nutrition of a low income population.
650 #4 - SUBJECT ADDED ENTRY--TOPICAL TERM
Topical term or geographic name entry element Food.
Linkage S4863.1
650 #4 - SUBJECT ADDED ENTRY--TOPICAL TERM
Topical term or geographic name entry element Food consumption -- Kerala -- Nutrition.
General subdivision Food consumption -- Kerala -- Nutrition.
-- Food consumption -- Kerala -- Nutrition.
Linkage S80033.1

No items available.

© 2026 - The University of Zambia Library - Koha v25.11